000
00215nam a22000857a 4500
008
170121b xxu||||| |||| 00| 0 eng d
100
_9
2522
_a
Kundra.D.N.
245
_a
Social Science-IX
260
_a
New Delhi
_b
Dhanpat
_c
2015
999
_c
5606
_d
5606